000 01080nam a22003617a 4500
001 BR2012002164
003 BR-BrBNA
005 20230928103930.0
007 ta
008 230509b bl.||||| |||| 00| 0 por d
040 _aBR-BrBNA
_bpor
_cBiblioteca Nacional de Agricultura
041 _a(Por)
072 _aL52; L51
_b5214
090 _ 5214 BR2012002164
100 1 _aDias Júnior, G.S.
110 1 _aUniversidade Federal de Lavras, MG (Brasil)
_0Tese (Mestrado)
245 1 _aDesempenho de vacas leiteiras suplementadas com sal de cálcio rico em ácido linoléico ou grão de soja tostado
260 3 _aLavras, MG (Brasil):
_c2011.
300 _a74 p.
500 _aSummaries (Eng, Por); Bibliography p. 61-74; 8 tables
650 _aVACA LEITEIRA
650 _aPERFORMANCE
650 _aDIGESTIBILIDADE
650 _aSUPLEMENTO ALIMENTAR
650 _aÁCIDO LINOLÉICO
650 _aSOJA
650 _aGRÃO
650 _aCÁLCIO
650 _aSAL
650 _aCOMPOSIÇÃO DE ALIMENTO
909 _a202309
_bLucia
_c55
_dLucia Elande
942 _cBK
999 _c77297
_d77297